| Поле | Инд. | ПП | Название | Значение |
|---|---|---|---|---|
| Тип записи | m | |||
| Библиографический уровень | m | |||
| 001 | Контрольный номер | RU/LIBMSTU/376139897 | ||
| 005 | Дата корректировки | 20250317113641.4 | ||
| 008 | Кодируемые данные | 121117|||||||||ru |||||||||||||||||rus|| | ||
| 040 | b | Код языка каталог. | rus | |
| 041 | 0_ | a | Код языка текста | rus |
| 084 | a | Индекс другой классификации/Индекс ББК | 94+39.425+26.32 | |
| 090 | x | Авторский знак | М 86 | |
| 100 | 1_ | a | Автор | Мохов Г. В. |
| 245 | 10 | a | Заглавие | Прикладные аспекты совершенствования конструктивных элементов морских геофизических научно-исследовательских судов |
| b | Продолж. заглавия | автореф. дис. ... канд. техн. наук : 05.22.19 | ||
| c | Ответственность | ФГБОУ ВПО "Мурман. гос. техн. ун-т" | ||
| h | Физич. носитель | Электронный ресурс | ||
| 256 | a | Характеристики компьютерного файла | Электрон. текстовые дан. (1 файл : 12 Мб) | |
| 260 | a | Место издания | Мурманск | |
| c | Дата издания | 2011 | ||
| 500 | a | Примечание | URL: https://mstu.mauniver.ru/science/diss/d307_09_03/files/mohov.pdf | |
| 500 | a | Примечание | Загл. с экрана | |
| 500 | a | Примечание | Имеется печ. аналог 2011 г. | |
| 583 | x | Служебное примечание | Арктические исследования | |
| x | Служебное примечание | Полнотекстовые документы | ||
| x | Служебное примечание | Краеведческий каталог | ||
| 583 | 1_ | x | Служебное примечание | Труды преподавателей МГТУ |
| 650 | 04 | a | Основная рубрика | Суда морские-Научно-исследовательские суда-Авторефераты диссертаций |
| 651 | _4 | a | Географическое наименование | Арктика |
| 653 | 0_ | a | Ключевые слова | Авторефераты диссертаций |
| a | Ключевые слова | Исследования арктические | ||
| a | Ключевые слова | Исследования геофизические | ||
| a | Ключевые слова | Модернизация судов | ||
| a | Ключевые слова | Морские нефтегазовые сооружения | ||
| a | Ключевые слова | Оборудование геофизических судов | ||
| a | Ключевые слова | Освоение месторождений | ||
| a | Ключевые слова | Предотвращение загрязнения моря | ||
| a | Ключевые слова | Предотвращение загрязнения мусором | ||
| a | Ключевые слова | Предотвращение загрязнения нефтью | ||
| a | Ключевые слова | Сейсморазведка морская | ||
| a | Ключевые слова | Суда морские геофизические | ||
| a | Ключевые слова | Суда научно-исследовательские | ||
| a | Ключевые слова | Электронные версии | ||
| a | Ключевые слова | Труды преподавателей МГТУ | ||
| 653 | 1_ | a | Ключевые слова | Геофизические методы разведки |
| 653 | 1_ | a | Ключевые слова | Арктический шельф |
| 653 | 1_ | a | Ключевые слова | Предотвращение загрязнения с судов |
| 856 | 40 | u | URL | https://mstu.mauniver.ru/science/diss/d307_09_03/files/mohov.pdf |
| 901 | t | Тип документа | r |